Účtovné problémy pri zrušení spoločnosti bez likvidácie

Účtovný postup pri zrušení spoločnosti bez likvidácie splynutím, zlúčením alebo rozdelením - rešpektovanie všeobecných účtovných predpisov pri previazaní s obchodným právom.

Gespeichert in:
Bibliographische Detailangaben
1. Verfasser: Dobšovič, Dušan
Format: Buchkapitel
Sprache:Slowakisch
Schlagworte:
Tags: Tag hinzufügen
Keine Tags, Fügen Sie das erste Tag hinzu!

MARC

LEADER 00000naa$a2200000$$$4500
001 0004229
005 20230919094521.8
041 0 |a slo 
044 |a SK 
245 1 0 |a Účtovné problémy pri zrušení spoločnosti bez likvidácie  |c aut. Dušan Dobšovič 
520 |a Účtovný postup pri zrušení spoločnosti bez likvidácie splynutím, zlúčením alebo rozdelením - rešpektovanie všeobecných účtovných predpisov pri previazaní s obchodným právom. 
610 2 0 |a spoločnosti 
610 2 0 |a vývoj podniku 
610 2 0 |a účtovníctvo 
100 1 |a Dobšovič, Dušan